000 00537nam a22002051a 4500
001 1050
003 OSt
005 20260204211719.0
008 040115s1996||||sp ||||||b||||||||||spa||
020 _a8427711888
050 _a372.86 P776a
082 _a372.86 P776a
100 _aPointer, Bren.
245 _aActividades motrices: Para niños y niñas con necesidades especiales / Bren Pointer
264 _aEspaña : Narcea
300 _a107 p.
500 _aIncluye indice.
650 _a1.Educación-PrimariaÌ
942 _2ddc
_cBK
999 _c1050
_d1050